<?xml version="1.0" encoding="UTF-8"?>
<collection xmlns="http://www.loc.gov/MARC21/slim">
 <record>
  <leader>00652cam a2200181 7i4500</leader>
  <controlfield tag="001">0000041153</controlfield>
  <controlfield tag="005">20041102090000.0</controlfield>
  <datafield tag="020" ind1="#" ind2="0">
   <subfield code="a">1566706467 </subfield>
  </datafield>
  <datafield tag="090" ind1="0" ind2="0">
   <subfield code="a">QL 638 S2 </subfield>
   <subfield code="b">B731 2004</subfield>
  </datafield>
  <datafield tag="245" ind1="0" ind2="0">
   <subfield code="a">Boreal shield watersheds : </subfield>
   <subfield code="b">lake trout ecosystems in a changing environment  </subfield>
   <subfield code="c">edited by J.M. Gunn, R.J. Steedman, and R.A. Ryder.</subfield>
  </datafield>
  <datafield tag="260" ind1="#" ind2="#">
   <subfield code="a">Boca Raton: </subfield>
   <subfield code="b">Lewis Publishers, </subfield>
   <subfield code="c">2004.</subfield>
  </datafield>
  <datafield tag="300" ind1="#" ind2="#">
   <subfield code="a">501 p.: </subfield>
   <subfield code="b">ill., maps; </subfield>
   <subfield code="c">26 cm..</subfield>
  </datafield>
  <datafield tag="650" ind1="0" ind2="0">
   <subfield code="a">Lake trout -- </subfield>
   <subfield code="x">Ecology </subfield>
  </datafield>
  <datafield tag="650" ind1="0" ind2="0">
   <subfield code="a">Lake ecology -- </subfield>
   <subfield code="z">North America </subfield>
  </datafield>
  <datafield tag="700" ind1="1" ind2="1">
   <subfield code="a">Steedman, </subfield>
   <subfield code="h">Robert John </subfield>
  </datafield>
  <datafield tag="700" ind1="1" ind2="1">
   <subfield code="a">Gunn, </subfield>
   <subfield code="h">J. M. </subfield>
  </datafield>
  <datafield tag="700" ind1="1" ind2="1">
   <subfield code="a">Ryder, </subfield>
   <subfield code="h">R. A. </subfield>
  </datafield>
  <datafield tag="999" ind1=" " ind2=" ">
   <subfield code="a">1100028255</subfield>
   <subfield code="b">Book</subfield>
   <subfield code="c">Open Shelf</subfield>
   <subfield code="e">KOLEKSI TERBUKA</subfield>
  </datafield>
 </record>
</collection>
